Logo BPK

Biblioteka

Politechniki Koszalińskiej

V Szkoła Fizyki i zastosowań monokryształów i materiałów... (Rekord nr 21828)

Szczegóły MARC
000 -ETYKIETA REKORDU
podpole kontrolne o stałej długości 00315nam a2200121 i 4500
001 - NUMER KONTROLNY REKORDU
pole kontrolne bg
040 ## - ŹRÓDŁO KATALOGOWANIA
Instytucja, która utworzyła rekord BPK
041 ## - KOD JĘZYKA
Kod języka tekstu pol
008 - POLE O STAŁEJ DŁUGOŚCI - DANE KONTROLNE
podpole kontrolne o stałej długości s pl f |000 0 pol
245 02 - TYTUŁ/ODPOWIEDZIALNOŚĆ
Tytuł V Szkoła Fizyki i zastosowań monokryształów i materiałów...
Oznaczenie części/sekcji dzieła Cz. 2,
Tytuł części/sekcji dzieła Komunikaty.
260 ## - STREFA ADRESU WYDAWNICZEGO
Miejsce wydania Radom,
Data publikacji, dystrybucji/powstania dokumentu 1982.
856 ## - LOKALIZACJA I DOSTĘP DO ELEKTRONICZNYCH DOKUMENTÓW ZDALNYCH
Link (URL) http://koha.tu.koszalin.pl/cgi-bin/koha/opac-detail.pl?biblionumber=21828
Tekst linku Katalog online BPK
942 ## - DODATKOWE ELEMENTY (KOHA)
Typ dokumentu Książka
Egzemplarze
Wycofany Status egzemplarza Uszkodzony Dostępność Lokalizacja stała Lokalizacja bieżąca Miejsce przechowywania Sygnatura Kod kreskowy Typ dokumentu
      Dostępny Biblioteka Politechniki Koszalińskiej Biblioteka Politechniki Koszalińskiej Wypożyczalnia BG 30694 01564488 Książka
© 2023 Biblioteka Politechniki Koszalińskiej :: KOHA